[Event "Mittelfrankenliga-B1 0708"]
[Site "Mittelfranken"]
[Date "2008.04.27"]
[Round "9.1"]
[White "Bolduan, Sebastian"]
[Black "Kociurzynski, Andre"]
[Result "1-0"]
[WhiteElo "1986"]
[BlackElo "1940"]
[PlyCount "85"]
[EventDate "2007.10.14"]
[EventType "team-tourn"]
[EventRounds "9"]
[EventCountry "GER"]
[SourceTitle "EXT 2011"]
[Source "ChessBase"]
[SourceDate "2010.11.26"]
[SourceVersion "1"]
[SourceVersionDate "2010.11.26"]
[SourceQuality "1"]
[WhiteTeam "Nuernberg NT IV"]
[BlackTeam "Fuerth SF"]
[WhiteTeamCountry "GER"]
[BlackTeamCountry "GER"]

1. e4 c5 2. Nf3 e6 3. c4 a6 4. Nc3 Nc6 5. d4 cxd4 6. Nxd4 Qc7 7. Be3 Nf6 8. Rc1 Bb4 9. f3 0-0 10. a3 Be7 11. Be2 Nh5 12. Qd2 f5 13. exf5 Na5 14. fxe6 dxe6 15. Qc2 Bd7 16. Bd3 Qe5 17. Ne4 Bc5 18. Qf2 Nf4 19. Bf1 Be7 20. g3 Nh5 21. Be2 Nc6 22. 0-0 g5 23. Nxc6 Bxc6 24. Bd4 Qc7 25. Qe3 h6 26. c5 Ng7 27. Bc4 Bd7 28. Nd6 Bxd6 29. cxd6 Qxd6 30. Bc5 Nf5 31. Qf2 Qe5 32. Bxf8 Kxf8 33. Rfe1 Qf6 34. Rcd1 Rd8 35. Qc5+ Qe7 36. Qxe7+ Kxe7 37. Bxe6 Bxe6 38. Rxd8 Kxd8 39. Rxe6 Kd7 40. Rf6 Nd4 41. Kf2 h5 42. Rg6 Ne6 43. Rh6 1-0

[Event "Mittelfrankenliga-B1 0708"]
[Site "Mittelfranken"]
[Date "2008.04.13"]
[Round "8.1"]
[White "Kociurzynski, Andre"]
[Black "Sporrer, Bernhard"]
[Result "1/2-1/2"]
[WhiteElo "1940"]
[BlackElo "2028"]
[PlyCount "36"]
[EventDate "2007.10.14"]
[EventType "team-tourn"]
[EventRounds "9"]
[EventCountry "GER"]
[SourceTitle "EXT 2011"]
[Source "ChessBase"]
[SourceDate "2010.11.26"]
[SourceVersion "1"]
[SourceVersionDate "2010.11.26"]
[SourceQuality "1"]
[WhiteTeam "Fuerth SF"]
[BlackTeam "Nuernberg NT III"]
[WhiteTeamCountry "GER"]
[BlackTeamCountry "GER"]

1. e4 c5 2. Nc3 Nc6 3. f4 g6 4. Nf3 Bg7 5. Bc4 e6 6. 0-0 Nge7 7. f5 d5 8. Bb3 c4 9. Ba4 exf5 10. exd5 Nxd5 11. Re1+ Be6 12. d4 cxd3 13. Nxd5 Qxd5 14. Bb3 Qc5+ 15. Be3 Qd6 16. Ng5 0-0 17. Nxe6 fxe6 18. Qxd3 Qxd3 1/2-1/2

[Event "Mittelfrankenliga-B1 0708"]
[Site "Mittelfranken"]
[Date "2008.01.13"]
[Round "4.1"]
[White "Manthey, Frank"]
[Black "Kociurzynski, Andre"]
[Result "0-1"]
[WhiteElo "2072"]
[BlackElo "1940"]
[PlyCount "98"]
[EventDate "2007.10.14"]
[EventType "team-tourn"]
[EventRounds "9"]
[EventCountry "GER"]
[SourceTitle "EXT 2011"]
[Source "ChessBase"]
[SourceDate "2010.11.26"]
[SourceVersion "1"]
[SourceVersionDate "2010.11.26"]
[SourceQuality "1"]
[WhiteTeam "Schwanstetten"]
[BlackTeam "Fuerth SF"]
[WhiteTeamCountry "GER"]
[BlackTeamCountry "GER"]

1. e4 c5 2. c3 d5 3. exd5 Qxd5 4. d4 Nf6 5. dxc5 Qxc5 6. Be3 Qc7 7. Na3 Bd7 8. Nb5 Bxb5 9. Bxb5+ Nbd7 10. Qa4 a6 11. 0-0-0 0-0-0 12. Be2 e5 13. Nf3 Bc5 14. Bxc5 Nxc5 15. Qc2 e4 16. Nd4 Qf4+ 17. Qd2 Nd5 18. Bc4 Qxd2+ 19. Rxd2 Nf4 20. g3 Nfd3+ 21. Kc2 Ne5 22. Bf1 g6 23. Bh3+ f5 24. Re1 Nc4 25. Rde2 Nd3 26. Rf1 Kb8 27. f3 exf3 28. Rxf3 Nc5 29. b3 Nd6 30. Rfe3 Rhe8 31. Rxe8 Rxe8 32. Rxe8+ Nxe8 33. Kd2 Ne4+ 34. Ke3 Nxc3 35. Kf4 Kc7 36. Ne6+ Kd6 37. Ng5 Nf6 38. a3 Nce4 39. Nf7+ Ke7 40. Ne5 Ke6 41. Nd3 Nd5+ 42. Kf3 Ng5+ 43. Kg2 Ne3+ 44. Kf2 Nd1+ 45. Ke1 Nxh3 46. Kxd1 Kd5 47. Kd2 Kd4 48. Ne1 Ng5 49. Nc2+ Ke4 0-1

[Event "Mittelfrankenliga-B1 0607"]
[Site "Mittelfranken"]
[Date "2007.03.11"]
[Round "7.1"]
[White "Erlbeck, Peter"]
[Black "Kociurzynski, Andre"]
[Result "1/2-1/2"]
[WhiteElo "2006"]
[BlackElo "1987"]
[PlyCount "46"]
[EventDate "2006.10.22"]
[EventType "team-tourn"]
[EventRounds "9"]
[EventCountry "GER"]
[SourceTitle "EXT 2011"]
[Source "ChessBase"]
[SourceDate "2010.11.26"]
[SourceVersion "1"]
[SourceVersionDate "2010.11.26"]
[SourceQuality "1"]
[WhiteTeam "Nuernberg Sued SW II"]
[BlackTeam "Fuerth SF"]
[WhiteTeamCountry "GER"]
[BlackTeamCountry "GER"]

1. e4 c5 2. Nc3 Nc6 3. f4 e6 4. Nf3 g6 5. Bc4 a6 6. a4 Bg7 7. f5 Nge7 8. fxe6 fxe6 9. d3 0-0 10. 0-0 Na5 11. Ba2 Nec6 12. Be3 b6 13. Qd2 Nb4 14. d4 Nxa2 15. Nxa2 Nc4 16. Qe2 Nxe3 17. Qxe3 d6 18. Rad1 Qe7 19. Nc3 Bb7 20. Rfe1 Rad8 21. d5 exd5 22. Nxd5 Bxd5 23. Rxd5 Qf6 1/2-1/2

[Event "Mittelfrankenliga-B1 0506"]
[Site "Germany"]
[Date "2006.04.02"]
[Round "8.2"]
[White "Goetz, Andreas"]
[Black "Kociurzynski, Andre"]
[Result "1/2-1/2"]
[WhiteElo "2101"]
[BlackElo "1967"]
[PlyCount "69"]
[EventDate "2005.10.16"]
[EventType "team"]
[EventRounds "9"]
[EventCountry "GER"]
[SourceTitle "EXT 2007"]
[Source "ChessBase"]
[SourceDate "2006.11.23"]
[SourceVersion "1"]
[SourceVersionDate "2006.11.23"]
[SourceQuality "1"]

1. c4 g6 2. Nc3 Bg7 3. Nf3 Nf6 4. b3 d6 5. Bb2 e5 6. e3 0-0 7. Be2 c6 8. Rc1 Na6 9. 0-0 Re8 10. d3 Nc7 11. Nb1 Bg4 12. h3 Bxf3 13. Bxf3 a5 14. Nc3 Ne6 15. Qd2 h5 16. Be2 Bh6 17. Qc2 Ng7 18. Rcd1 d5 19. cxd5 cxd5 20. d4 exd4 21. exd4 Rc8 22. Bb5 Re7 23. Rfe1 Rxe1+ 24. Rxe1 Ne4 25. Qd3 Bd2 26. Rxe4 Bxc3 27. Re2 Bxb2 28. Rxb2 Rc1+ 29. Kh2 Qg5 30. Qd2 Ne6 31. Be2 Qf4+ 32. Qxf4 Nxf4 33. Bf3 Rc3 34. Rd2 h4 35. Bd1 1/2-1/2

[Event "Mittelfrankenliga-B1 0506"]
[Site "Germany"]
[Date "2005.11.20"]
[Round "2.2"]
[White "Demburg, Dimitrij"]
[Black "Kociurzynski, Andre"]
[Result "1-0"]
[WhiteElo "1956"]
[BlackElo "1954"]
[PlyCount "119"]
[EventDate "2005.10.16"]
[EventType "team"]
[EventRounds "9"]
[EventCountry "GER"]
[SourceTitle "EXT 2007"]
[Source "ChessBase"]
[SourceDate "2006.11.23"]
[SourceVersion "1"]
[SourceVersionDate "2006.11.23"]
[SourceQuality "1"]

1. e4 c5 2. Nc3 Nc6 3. g3 g6 4. Bg2 Bg7 5. d3 Rb8 6. Be3 b5 7. Qd2 b4 8. Nd1 d6 9. f4 Qc7 10. Nf3 Nf6 11. h3 0-0 12. 0-0 Nd7 13. f5 Nde5 14. Bh6 Nxf3+ 15. Rxf3 Ne5 16. Rf2 c4 17. Bxg7 Kxg7 18. d4 Nd7 19. c3 bxc3 20. Nxc3 Bb7 21. Re1 e5 22. dxe5 dxe5 23. Nb5 Qd8 24. Nd6 f6 25. Nxc4 Nc5 26. Nd6 Qb6 27. b4 Na4 28. fxg6 hxg6 29. Nf5+ gxf5 30. Qd7+ Rf7 31. Qxa4 Rh8 32. exf5 Bxg2 33. Kxg2 Qb7+ 34. Kh2 Kf8 35. h4 Rfh7 36. b5 Rg7 37. Qb4+ Kg8 38. Qc4+ Kh7 39. Qc6 Qe7 40. Qf3 Qb4 41. Rd1 Rg4 42. Kh3 Rhg8 43. Rd7+ Kh8 44. Kh2 e4 45. Qe3 Qf8 46. Qxa7 Qh6 47. Rg2 e3 48. Kh3 e2 49. Re7 Rc4 50. Qf2 Qc1 51. Rxe2 Rc3 52. Kh2 Rd8 53. Rc2 Rxc2 54. Qxc2 Qf1 55. Qe2 Qxf5 56. b6 Rb8 57. Qe3 Rb7 58. Re2 Kg7 59. Rb2 Qd7 60. Qb3 1-0

[Event "Mittelfrankenliga-B1 0506"]
[Site "Germany"]
[Date "2005.10.16"]
[Round "1.1"]
[White "Promyshlyanskiy, Vitaliy"]
[Black "Kociurzynski, Andre"]
[Result "1/2-1/2"]
[WhiteElo "2195"]
[BlackElo "1954"]
[PlyCount "88"]
[EventDate "2005.10.16"]
[EventType "team"]
[EventRounds "9"]
[EventCountry "GER"]
[SourceTitle "EXT 2007"]
[Source "ChessBase"]
[SourceDate "2006.11.23"]
[SourceVersion "1"]
[SourceVersionDate "2006.11.23"]
[SourceQuality "1"]

1. e4 c5 2. Nc3 d6 3. f4 Nc6 4. Nf3 g6 5. Bc4 Bg7 6. 0-0 e6 7. d3 Nge7 8. f5 exf5 9. Qe1 0-0 10. Qh4 d5 11. exd5 b5 12. Nxb5 a6 13. Nc3 Nd4 14. Bg5 Ra7 15. Rae1 Re8 16. d6 Nxf3+ 17. Rxf3 Qxd6 18. Nd5 Kf8 19. Bxe7+ Raxe7 20. Rxe7 Rxe7 21. Qxe7+ Qxe7 22. Nxe7 Kxe7 23. c3 a5 24. Re3+ Be6 25. Bxe6 fxe6 26. Kf1 Kd6 27. Ke2 Be5 28. Kd1 h6 29. h3 g5 30. Kc2 g4 31. Kb3 f4 32. Re4 f3 33. gxf3 gxf3 34. Re3 f2 35. Rf3 Bg3 36. Kc2 Ke5 37. Kd2 Bf4+ 38. Kd1 Be3 39. Rxe3+ Kf4 40. Re1 fxe1Q+ 41. Kxe1 Ke3 42. d4 cxd4 43. cxd4 Kxd4 44. Kd2 e5 1/2-1/2